书目信息 |
| 题名: |
最奇怪的为什么
|
|
| 作者: | 赵春香 主编 | |
| 分册: | 七彩生活 | |
| 出版信息: | 长春 北方妇女儿童出版社 2010.04 |
|
| 页数: | 109页 | |
| 开本: | 24cm | |
| 丛书名: | ||
| 单 册: | ||
| 中图分类: | Z228.1 , TS976.3-49 | |
| 科图分类: | ||
| 主题词: | 家庭生活--知识--少年读物 , 少年读物--中国 | |
| 电子资源: | ||
| ISBN: | 978-7-5385-3315-6 | |
| 000 | 00926nam 2200277 450 | |
| 001 | CALB0120110954049m | |
| 005 | 20111229161503.98 | |
| 010 | @a978-7-5385-3315-6@dCNY17.50 | |
| 100 | @a20100717d2010 em y0chiy0121 ea | |
| 101 | 0 | @achi |
| 102 | @aCN@b220000 | |
| 105 | @aa z 000yy | |
| 200 | 1 | @a最奇怪的为什么@i七彩生活@f赵春香主编@Azui qi guai de wei shen me |
| 205 | @a第2版 | |
| 210 | @a长春@c北方妇女儿童出版社@d2010.04 | |
| 215 | @a109页@c图@d24cm | |
| 330 | @a本套书包括了奥妙人体、风云历史、奇妙地理、奇幻科技、七彩生活、魔力军事、百味自然、奇趣植物等。本书为其中一册。 | |
| 333 | @a读者对象:本书适用于广大少儿读者。 | |
| 517 | 1 | @a七彩生活@Aqi cai sheng huo |
| 606 | 0 | @a家庭生活@x知识@j少年读物 |
| 606 | 0 | @a少年读物@y中国 |
| 690 | @aZ228.1@v4 | |
| 690 | @aTS976.3-49@v4 | |
| 701 | 0 | @a赵春香@4主编@Azhao chun xiang |
| 801 | 0 | @aCN@b昆明新知图书城@c20111229 |
| 905 | @aZUCC@dZ228.1@eZ290=2@f3 | |
| 最奇怪的为什么.七彩生活/赵春香主编.-第2版.-长春:北方妇女儿童出版社,2010.04 |
| 109页:图;24cm |
| 使用对象:读者对象:本书适用于广大少儿读者。 |
| ISBN 978-7-5385-3315-6:CNY17.50 |
| 本套书包括了奥妙人体、风云历史、奇妙地理、奇幻科技、七彩生活、魔力军事、百味自然、奇趣植物等。本书为其中一册。 |
| ● |
| 相关链接 |
|
|
|
正题名:最奇怪的为什么
索取号:Z228.1/Z290=2
 
预约/预借
| 序号 | 登录号 | 条形码 | 馆藏地/架位号 | 状态 | 备注 |
| 1 | 1188377 | 211883773 | 自科库501/501自科库 128排2列3层/ [索取号:Z228.1/Z290=2] | 在馆 | |
| 2 | 1188378 | 211883782 | 自科库501/201建筑库 98排2列4层/ [索取号:Z228.1/Z290=2] | 在馆 | |
| 3 | 1188379 | 211883791 | 自科二线400A/400A自科库 30排3列4层/ [索取号:Z228.1/Z290=2] | 在馆 |